LEADER 01986oam 2200565 450 001 9910706809803321 005 20180321115342.0 035 $a(CKB)5470000002459374 035 $a(OCoLC)190773777 035 $a(EXLCZ)995470000002459374 100 $a20080111d2008 ua 0 101 0 $aeng 135 $aurbn||||||||| 181 $ctxt$2rdacontent 182 $cc$2rdamedia 183 $acr$2rdacarrier 200 10$aReview of the relationship between Medicare Part D payments to local, community pharmacies and the pharmacies' drug acquisition costs /$fDepartment of Health and Human Services, Office of Inspector General 210 1$aWashington, D.C. :$cDepartment of Health & Human Services, Office of Inspector General,$d2008. 215 $a1 online resource (45 unnumbered pages) 300 $a"Daniel R. Levinson, Inspector General." 300 $a"January 2008." 300 $a"A-06-07-00107." 320 $aIncludes bibliographical references. 606 $aPharmaceutical services insurance$zUnited States$xAuditing 606 $aDrugs$xPrices$zUnited States$xAuditing 606 $aMedicare$xFinance$xAuditing 606 $aMedicare$2fast 606 $aPharmaceutical services insurance$2fast 607 $aUnited States$2fast 615 0$aPharmaceutical services insurance$xAuditing. 615 0$aDrugs$xPrices$xAuditing. 615 0$aMedicare$xFinance$xAuditing. 615 7$aMedicare. 615 7$aPharmaceutical services insurance. 701 $aLevinson$b Daniel R$0142918 801 0$bSEN 801 1$bSEN 801 2$bSEN 801 2$bOCLCA 801 2$bOCLCQ 801 2$bSEN 801 2$bOCLCQ 801 2$bOCLCF 801 2$bOCLCO 801 2$bOCLCQ 801 2$bGPO 906 $aBOOK 912 $a9910706809803321 996 $aReview of the relationship between Medicare Part D payments to local, community pharmacies and the pharmacies' drug acquisition costs$93444884 997 $aUNINA